• 首页
  • 本馆介绍
  • 公告通知
  • 最新文献
  • 馆藏检索
  • 电子资源
  • 读者导购
  • 参考咨询
  • 我的图书馆
  • 登录
  • 详细信息显示
  • 放入我的书架
  • 预约/预借图书
  • 作者相关作品
  • 分类相关作品
  • 丛书相关作品
  • 出版社相关作品

书目信息

  • 表格格式
  • 工作单格式
  • 卡片格式
题名:
杆件结构计算原理及应用程序
    
 
作者: 李为鉴 编著
分册:  
出版信息: 上海   上海科学技术出版社  1982
页数: 554页
开本: 25cm
丛书名:
单 册:
中图分类: TU18
科图分类:
主题词: 科学--应用--建筑
电子资源:
ISBN:
000 00675nam0 2200241 45
001 0182007128
005 20040514100929.1
010    @dCNY4.30
091    @a15119.2185
100    @a19950601d1982 em y0chiy0121 ea
101 0  @achi
102    @aCN@b310000
105    @ay z 000yy
106    @ar
200 10 @a杆件结构计算原理及应用程序@Agan jian jie gou ji suan yuan li ji ying yong cheng xu@f李为鉴编著
210    @a上海@c上海科学技术出版社@d1982
215    @a554页@d25cm
606 0  @a科学@x应用@x建筑
690    @aTU18
701  0 @a李为鉴@Ali wei jian@4编著
801  0 @aCN@b上海图书馆@c20040514
801  2 @aCN@bNLC@c20040514
905    @f3@b159214-216@dTU18@e123
    
    杆件结构计算原理及应用程序/李为鉴编著.-上海:上海科学技术出版社,1982
    554页;25cm
    
    
    ISBN :CNY4.30
    
●
相关链接 在E读中查询图书 在五车中查询图书 在当当中查询图书 在豆瓣中查询图书


正题名:杆件结构计算原理及应用程序     索取号:TU18/123         预约/预借

序号 登录号 条形码 馆藏地/架位号 状态 备注
1 0159214   001484414   第三借阅区/ [索取号:TU18/123] 在馆    
2 0159215   001484487   第二样本阅览室/ [索取号:TU18/123] 在馆    
3 0159216   001484423   第三借阅区/ [索取号:TU18/123] 在馆    
唐山师范学院图书馆 欢迎您!
大连网信软件有限公司© 版权所有